Vista normal
Vista MARC
Entrada Topical Term
Número de registros utilizados en: 1
001 - CONTROL NUMBER
- control field: 59416
003 - CONTROL NUMBER IDENTIFIER
- control field: OSt
005 - DATE AND TIME OF LATEST TRANSACTION
- control field: 20250528083748.0
008 - FIXED-LENGTH DATA ELEMENTS
- fixed length control field: 250528|| aca||aabn | a|a d
040 ## - CATALOGING SOURCE
- Original cataloging agency: OSt
- Transcribing agency: OSt
150 ## - HEADING--TOPICAL TERM
- Topical term or geographic name entry element: Deportes
- General subdivision: Historia
- Form subdivision: Literatura infantil
670 ## - SOURCE DATA FOUND
- Source citation: Work cat.: (OSt)57091: Cavenaghi, Silvia 1953-, El gran libro de los deportes